000 00267nam a22001097a 4500
040 _cSK
082 _a338
100 _aស្រី សំណិត
245 _aស្ថិតិអប់រំកសិកម្ម
260 _aRUA
_bស្រី
_c1999
942 _cKB
999 _c9558
_d9558